Radiohead + Side Projects - Statistics

General Stats
  • This quiz has been taken 14 times
  • The average score is 76 of 293
Answer Stats
Album/Single Song Title % Correct
Anyone Can Play Guitar (Single) | Pablo Honey Anyone Can Play Guitar
80%
Creep EP | Pablo Honey Creep
80%
Creep EP Creep (acoustic)
80%
Drill EP You - Drill Version
80%
My Iron Lung EP | The Bends My Iron Lung
70%
Pablo Honey Ripcord
70%
Pablo Honey You
70%
The Bends Black Star
60%
OK Computer Exit Music (For A Film)
60%
Fake Plastic Trees (Single) | The Bends Fake Plastic Trees
60%
High & Dry / Planet Telex (Single) | The Bends High and Dry
60%
Just (Single) | The Bends Just
60%
OK Computer | Paranoid Android (Single) Let Down
60%
No Surprises (Single) | OK Computer No Surprises
60%
OK Computer | Paranoid Android (Single) Paranoid Android
60%
Pablo Honey Stop Whispering
60%
Street Spirit (Fade Out) (Single) | The Bends Street Spirit (Fade Out)
60%
The Bends The Bends
60%
OK Computer Airbag
50%
The Bends Bones
50%
The Bends Bullet Proof... I Wish I Was
50%
OK Computer Climbing Up The Walls
50%
Karma Police (Single) Climbing Up The Walls - Fila Brazillia Mix
50%
Karma Police (Single) Climbing Up The Walls - Zero 7 Mix
50%
OK Computer Electioneering
50%
Kid A Everything In Its Right Place
50%
I Might Be Wrong (Live Recordings) Everything In Its Right Place - Live In France
50%
Pablo Honey How Do You?
50%
Kid A Idioteque
50%
I Might Be Wrong (Live Recordings) Idioteque - Live In Oxford
50%
Amnesiac I Might Be Wrong
50%
I Might Be Wrong (Live Recordings) I Might Be Wrong - Live
50%
Karma Police (Single) | OK Computer Karma Police
50%
Kid A Kid A
50%
OK Computer Lucky
50%
Pablo Honey Lurgee
50%
The Bends (Nice Dream)
50%
High & Dry / Planet Telex (Single) | The Bends Planet Telex
50%
High & Dry / Planet Telex (Single) Planet Telex - Hexidecimal Mix
50%
Just (Single) Planet Telex - Karma Sunra Mix
50%
High & Dry / Planet Telex (Single) Planet Telex - L.F.O. DJ Mix
50%
Amnesiac | Pyramid Song (Single) Pyramid Song
50%
The Bends Sulk
50%
Kid A The National Anthem
50%
I Might Be Wrong (Live Recordings) The National Anthem - Live in France
50%
OK Computer The Tourist
50%
Pablo Honey Thinking About You
50%
Drill EP Thinking About You - Drill Version
50%
Pablo Honey Vegetable
50%
Hail To The Thief 2+2=5
40%
COM LAG (2plus2isfive) 2+2=5 - Live At Earls Court
40%
Hail To The Thief Backdrifts
40%
The King Of Limbs Bloom
40%
TKOL RMX 1234567 Bloom - Blawan Rmx
40%
TKOL RMX 1234567 Bloom - Harmonic 313 Rmx
40%
TKOL RMX 1234567 Bloom - Jamie xx Rework
40%
TKOL RMX 8 Bloom - Jamie xx Rework Part 3
40%
TKOL RMX 1234567 Bloom - Mark Pritchard Rmx
40%
TKOL RMX 1234567 Bloom - Objekt RMX
40%
Pablo Honey Blow Out
40%
Creep EP Blow Out (remix)
40%
Amnesiac Dollars and Cents
40%
I Might Be Wrong (Live Recordings) Dollars and Cents - Live
40%
The King Of Limbs Feral
40%
TKOL RMX 1234567 Feral - Lone RMX
40%
OK Computer Fitter Happier
40%
Amnesiac Hunting Bears
40%
Amnesiac | Knives Out (Single) Knives Out
40%
OK Computer OKNOTOK 1997 2017 Lift
40%
Amnesiac Like Spinning Plates
40%
OK Computer OKNOTOK 1997 2017 Man Of War
40%
Kid A Morning Bell
40%
Amnesiac Morning Bell/Amnesiac
40%
I Might Be Wrong (Live Recordings) Morning Bell - Live In Oxford
40%
Kid A Motion Picture Soundtrack
40%
Hail To The Thief Myxomatosis
40%
Pablo Honey Prove Yourself
40%
Drill EP Prove Yourself - Drill Version
40%
Amnesiac Pulk/Pull Revolving Doors
40%
KID A MNESIA Pulk/Pull - True Love Waits Version
40%
Hail To The Thief Sail To The Moon
40%
Hail To The Thief Sit Down. Stand Up
40%
OK Computer Subterranean Homesick Alien
40%
Street Spirit (Fade Out) (Single) Talk Show Host
40%
KID A MNESIA The Morning Bell - In the Dark Version
40%
Hail To The Thief There, There
40%
My Iron Lung EP The Trickster
40%
Kid A Treefingers
40%
Standalone Single Treefingers (Extended Version)
40%
Kid A Untitled
40%
Hail To The Thief We Suck Young Blood
40%
In Rainbows 15 Step
30%
In Rainbows All I Need
30%
Hail To The Thief A Punch Up At A Wedding
30%
Hail To The Thief A Wolf At The Door
30%
In Rainbows (Disc 2) Bangers + Mash
30%
In Rainbows Bodysnatchers
30%
A Moon Shaped Pool Daydreaming
30%
In Rainbows Faust Arp
30%
A Moon Shaped Pool Ful Stop
30%
COM LAG (2plus2isfive) Gagging Order
30%
In Rainbows House Of Cards
30%
Kid A How To Disappear Completely
30%
Pablo Honey I Can't
30%
Creep EP Inside My Head
30%
OK Computer OKNOTOK 1997 2017 I Promise
30%
In Rainbows Jigsaw Falling Into Place
30%
High & Dry / Planet Telex (Single) Killer Cars
30%
Just (Single) Killer Cars - Mogadon Version
30%
Amnesiac Life In A Glasshouse
30%
Knives Out (Single) Life In A Glasshouse - Full Length Version
30%
I Might Be Wrong (Live Recordings) Like Spinning Plates - Live
30%
KID A MNESIA Like Spinning Plates - 'Why Us' Version
30%
High & Dry / Planet Telex (Single) Maquiladora
30%
Creep EP Million Dollar Question
30%
The King Of Limbs Morning Mr. Magpie
30%
TKOL RMX 8 Morning Mr Magpie - Nathan Fake Harshdub RMX
30%
TKOL RMX 1234567 Morning Mr Magpie - Nathan Fake Rmx
30%
TKOL RMX 1234567 Morning Mr Magpie - Pearson Sound Scavenger RMX
30%
In Rainbows Nude
30%
Kid A Optimistic
30%
Amnesiac Packt Like Sardines In A Crushd Tin Box
30%
Paranoid Android (Single) Pearly*
30%
My Iron Lung EP Punchdrunk Lovesick Singalong
30%
In Rainbows Reckoner
30%
Hail To The Thief Scatterbrain
30%
Standalone Single Spectre
30%
Drill EP Stupid Car
30%
Hail To The Thief The Gloaming
30%
A Moon Shaped Pool Tinker Tailor Soldier Sailor Rich Man Poor Man Beggar Man Thief
30%
A Moon Shaped Pool True Love Waits
30%
I Might Be Wrong (Live Recordings) True Love Waits - Live In Oslo
30%
In Rainbows Videotape
30%
In Rainbows Weird Fishes/Arpeggi
30%
Creep EP Yes I Am
30%
Amnesiac You And Whose Army?
30%
Street Spirit (Fade Out) (Single) Banana Co
20%
Street Spirit (Fade Out) (Single) Bishop's Robes
20%
A Moon Shaped Pool Burn The Witch
20%
The King Of Limbs Codex
20%
TKOL RMX 1234567 Codex (Illum Sphere)
20%
Anyone Can Play Guitar (Single) Coke Babies
20%
A Moon Shaped Pool Decks Dark
20%
Anyone Can Play Guitar (Single) Faithless The Wonder Boy
20%
The King Of Limbs Give Up The Ghost
20%
TKOL RMX 1234567 Give Up The Ghost - Brokenchord Rmx
20%
TKOL RMX 1234567 Give Up The Ghost - Thriller Houseghost Remix
20%
A Moon Shaped Pool Glass Eyes
20%
Hail To The Thief Go To Sleep
20%
Fake Plastic Trees (Single) How Can You Be Sure?
20%
A Moon Shaped Pool Identikit
20%
Fake Plastic Trees (Single) India Rubber
20%
Kid A In Limbo
20%
Hail To The Thief I Will
20%
COM LAG (2plus2isfive) I Will - Los Angeles Version
20%
The King Of Limbs Little By Little
20%
TKOL RMX 1234567 Little By Little - Caribou Rmx
20%
TKOL RMX 1234567 Little By Little (Shed)
20%
The King Of Limbs Lotus Flower
20%
TKOL RMX 1234567 Lotus Flower - Jacques Green Rmx
20%
TKOL RMX 1234567 Lotus Flower - SBTRKT RMX
20%
Karma Police (Single) Lull
20%
Street Spirit (Fade Out) (Single) Molasses
20%
Paranoid Android (Single) Polyethylene (Parts 1 & 2)
20%
Standalone Single Staircase
20%
Standalone Single The Daily Mail
20%
The Eraser (Thom Yorke) The Eraser
20%
Standalone Single The Gloaming (The 33.33333 Remix)
20%
Hail To The Thief Where I End And You Begin
20%
In Rainbows (Disc 2) 4 Minute Warning
10%
Paranoid Android (Single) A Reminder
10%
Knives Out (Single) Cuttooth
10%
A Moon Shaped Pool Desert Island Disk
10%
Pyramid Song (Single) Fast-Track
10%
Knives Out (Single) Fog
10%
KID A MNESIA Follow Me Around
10%
Wall Of Eyes (The Smile) Friend Of A Friend
10%
In Rainbows (Disc 2) Go Slowly
10%
The Eraser (Thom Yorke) Harrowdown Hill
10%
Standalone Single (Thom Yorke) Hearing Damage
10%
No Surprises (Single) How I Made My Millions
10%
Pyramid Song (Single) Kinetic
10%
In Rainbows (Disc 2) Last Flowers
10%
My Iron Lung EP Lewis - Mistreated
10%
A Light For Attracting Attention (The Smile) Open The Floodgates
10%
No Surprises (Single) Palo Alto
10%
My Iron Lung EP Permanent Daylight
10%
A Moon Shaped Pool Present Tense
10%
The King Of Limbs Separator
10%
TKOL RMX 1234567 Separator - Anstam RMX
10%
TKOL RMX 8 Separator - Anstam RMX II
10%
TKOL RMX 1234567 Separator - Four Tet RMX
10%
A Light For Attracting Attention (The Smile) Skrting On The Surface
10%
Pyramid Song (Single) The Amazing Sounds Of Orgy
10%
Standalone Single The Butcher
10%
A Moon Shaped Pool The Numbers
10%
A Light For Attracting Attention (The Smile) The Opposite
10%
Standalone Single These Are My Twisted Words
10%
A Light For Attracting Attention (The Smile) Thin Thing
10%
Wall Of Eyes (The Smile) Wall Of Eyes
10%
A Light For Attracting Attention (The Smile) We Don't Know What Tomorrow Brings
10%
Knives Out (Single) Worrywort
10%
My Iron Lung EP You Never Wash Up After Yourself
10%
A Light For Attracting Attention (The Smile) You Will Never Work In Television Again
10%
Tomorrow's Modern Boxes (Thom Yorke) A Brain In A Bottle
0%
A Light For Attracting Attention (The Smile) A Hairdryer
0%
KID A MNESIA Alt. Fast Track
0%
The Eraser (Thom Yorke) Analyse
0%
The Eraser (Thom Yorke) And It Rained All Night
0%
The Eraser (Thom Yorke) Atoms For Peace
0%
Wall Of Eyes (The Smile) Bending Hectic
0%
The Eraser (Thom Yorke) Black Swan
0%
Cutouts (The Smile) Bodies Laughing
0%
Cutouts (The Smile) Colours Fly
0%
The Eraser (Thom Yorke) Cymbal Rush
0%
ANIMA (Thom Yorke) Dawn Chorus
0%
Cutouts (The Smile) Don't Get Me Started
0%
In Rainbows (Disc 2) Down Is The New Up
0%
Cutouts (The Smile) Eyes & Mouth
0%
KID A MNESIA Fog - Again Again Version
0%
COM LAG (2plus2isfive) Fog (Again) - Live
0%
Cutouts (The Smile) Foreign Spies
0%
A Light For Attracting Attention (The Smile) Free In The Knowledge
0%
TKOL RMX 1234567 Good Evening Mrs Magpie - Modeselektor RMX
0%
Tomorrow's Modern Boxes (Thom Yorke) Guess Again!
0%
KID A MNESIA How To Disappear Into Strings
0%
ANIMA (Thom Yorke) I Am A Very Rude Person
0%
COM LAG (2plus2isfive) I Am A Wicked Child
0%
COM LAG (2plus2isfive) I Am Citizen Insane
0%
KID A MNESIA If You Say The Word
0%
Standalone Single Ill Wind
0%
ANIMA (Thom Yorke) Impossible Knots
0%
Cutouts (The Smile) Instant Psalm
0%
Tomorrow's Modern Boxes (Thom Yorke) Interference
0%
Wall Of Eyes (The Smile) I Quit
0%
Standalone Single I Want None Of This
0%
ANIMA (Thom Yorke) Last I Heard (...He Was Circling The Drain)
0%
My Iron Lung EP Lozenge Of Love
0%
Karma Police (Single) Meeting In The Aisle
0%
Paranoid Android (Single) Melatonin
0%
In Rainbows (Disc 2) MK 1
0%
In Rainbows (Disc 2) MK 2
0%
Tomorrow's Modern Boxes (Thom Yorke) Nose Grows Some
0%
ANIMA (Thom Yorke) Not The News
0%
Cutouts (The Smile) No Words
0%
A Light For Attracting Attention (The Smile) Pana-vision
0%
COM LAG (2plus2isfive) Paperbag Writer
0%
Tomorrow's Modern Boxes (Thom Yorke) Pink Section
0%
KID A MNESIA Pyramid Strings
0%
Wall Of Eyes (The Smile) Read The Room
0%
COM LAG (2plus2isfive) Remyxomatosis - Cristian Vogel RMX
0%
ANIMA (Thom Yorke) Runwayaway
0%
The Eraser (Thom Yorke) Skip Divided
0%
COM LAG (2plus2isfive) Skttrbrain - Four Tet Remix
0%
A Light For Attracting Attention (The Smile) Speech Bubbles
0%
Standalone Single Supercollider
0%
Wall Of Eyes (The Smile) Teleharmonic
0%
ANIMA (Thom Yorke) The Axe
0%
The Eraser (Thom Yorke) The Clock
0%
Tomorrow's Modern Boxes (Thom Yorke) The Mother Lode
0%
Tomorrow's Modern Boxes (Thom Yorke) There Is No Ice (For My Drink)
0%
A Light For Attracting Attention (The Smile) The Same
0%
Cutouts (The Smile) The Slip
0%
A Light For Attracting Attention (The Smile) The Smoke
0%
Cutouts (The Smile) Tiptoe
0%
TKOL RMX 1234567 TKOL - Altrice Rmc
0%
ANIMA (Thom Yorke) Traffic
0%
Pyramid Song (Single) Trans-Atlantic Drawl
0%
Tomorrow's Modern Boxes (Thom Yorke) Truth Ray
0%
ANIMA (Thom Yorke) Twist
0%
Wall Of Eyes (The Smile) Under Our Pillows
0%
KID A MNESIA Untitled v1
0%
KID A MNESIA Untitled v2
0%
KID A MNESIA Untitled v3
0%
In Rainbows (Disc 2) Up On The Ladder
0%
A Light For Attracting Attention (The Smile) Waving A White Flag
0%
COM LAG (2plus2isfive) Where Bluebirds Fly
0%
Wall Of Eyes (The Smile) You Know Me!
0%
Cutouts (The Smile) Zero Sum
0%
No matching quizzes found
Score Distribution
Percent of People with Each Score
Percentile by Number Answered
Your Score History
You have not taken this quiz